[Event "V Floripa Chess Open 2019"]
[Site "Florianopolis/SC"]
[Date "2019.01.24"]
[Round "5.136"]
[White "Minelli, Fausto"]
[Black "Mariot Vaz, Joao Antonio Bertol"]
[Result "1/2-1/2"]
[WhiteElo "1781"]
[BlackElo "1326"]
[PlyCount "69"]
[EventDate "2019.01.21"]
[EventRounds "10"]
[EventCountry "BRA"]

1. d4 Nf6 2. c4 e6 3. Nf3 Bb4+ 4. Bd2 Qe7 5. Qc2 b6 6. e4 O-O 7. Bd3 Bxd2+ 8. Nbxd2 h6 9. e5 Ne8 10. g4 Bb7 11. Rg1 Nc6 12. a3 d6 13. O-O-O Na5 14. g5 h5 15. Nh4 c5 16. Bh7+ Kh8 17. Bg6 cxd4 18. Rde1 d5 19. Qd1 Kg8 20. Qxh5 fxg6 21. Nxg6 Qc7 22. Rg4 Nxc4 23. Nxc4 Qxc4+ 24. Kb1 Rxf2 25. Qh8+ Kf7 26. Qf8+ Kxg6 27. Qxf2 Qd3+ 28. Ka1 Rc8 29. Rf1 Rc7 30. h4 Qe3 31. h5+ Kh7 32. Qf8 Rc1+ 33. Rxc1 Qxc1+ 34. Ka2 Qc4+ 35. Ka1 1/2-1/2

[Event "V Floripa Chess Open 2019"]
[Site "Florianopolis/SC"]
[Date "2019.01.24"]
[Round "5.137"]
[White "Rocancourt Moreira, Mauricio"]
[Black "Buiar, Maria Eduarda Beral"]
[Result "1-0"]
[WhiteElo "1777"]
[BlackElo "1315"]
[PlyCount "105"]
[EventDate "2019.01.21"]
[EventRounds "10"]
[EventCountry "BRA"]

1. d4 Nf6 2. c4 g6 3. Nc3 d5 4. Nf3 Bg7 5. e3 O-O 6. cxd5 Nxd5 7. Bc4 Nxc3 8. bxc3 c5 9. O-O Bg4 10. h3 Bf5 11. Qb3 Nc6 12. Be2 Na5 13. Qd1 Rc8 14. Nh4 Bd7 15. Ba3 cxd4 16. cxd4 Nc4 17. Bxc4 Rxc4 18. Qb3 Be6 19. Qxb7 Rc7 20. Qb4 Bd5 21. Rac1 Rb7 22. Qd2 Re8 23. f4 e5 24. dxe5 Rd7 25. Qf2 Qa5 26. Bd6 Be4 27. Rc5 Qb6 28. Rfc1 Rxd6 29. exd6 Qxd6 30. Rc8 Qd7 31. Rxe8+ Qxe8 32. Nf3 h6 33. Nd4 Bd5 34. Ne2 Bxa2 35. Qf3 Be6 36. Nd4 Bd5 37. Qf2 Ba2 38. Ra1 Bd5 39. Rxa7 Qe4 40. Ra1 Qe8 41. Rd1 Qe4 42. Qd2 Bb7 43. Rc1 Bd5 44. Nb5 Bc6 45. Nd6 Qa4 46. Qc2 Qxc2 47. Rxc2 Bd7 48. Rc7 Be6 49. Nb5 Kf8 50. Nd4 Bd5 51. Rc5 Bb7 52. Nb5 Ke8 53. Nd6+ 1-0

[Event "V Floripa Chess Open 2019"]
[Site "Florianopolis/SC"]
[Date "2019.01.24"]
[Round "5.138"]
[White "Borba Da Rosa, Rodrigo"]
[Black "Da Silva, Daniel Pereira"]
[Result "0-1"]
[WhiteElo "1249"]
[BlackElo "1773"]
[PlyCount "80"]
[EventDate "2019.01.21"]
[EventRounds "10"]
[EventCountry "BRA"]

1. e4 c5 2. d3 e6 3. Nd2 d5 4. Ngf3 Nc6 5. g3 Bd6 6. Bg2 Nge7 7. O-O b6 8. Qe2 O-O 9. e5 Bc7 10. Re1 Ng6 11. c4 Ngxe5 12. cxd5 exd5 13. Nxe5 Nxe5 14. Nc4 Nc6 15. Bf4 Bxf4 16. gxf4 Bb7 17. Ne5 Nxe5 18. fxe5 Re8 19. Rad1 Qc7 20. d4 Rad8 21. f4 Qd7 22. Qf3 Qf5 23. Bh3 Qg6+ 24. Kh1 f5 25. Rg1 Qf7 26. Rg5 cxd4 27. Rdg1 Re7 28. Rxf5 Qe8 29. Qg3 Bc8 30. Rg5 Qf8 31. Bxc8 Rxc8 32. Qf3 Rd8 33. R1g4 Kh8 34. h4 h6 35. Rg6 Rxe5 36. Rxg7 Re3 37. Rg8+ Qxg8 38. Rxg8+ Rxg8 39. Qf1 d3 40. Kh2 Reg3 0-1

[Event "V Floripa Chess Open 2019"]
[Site "Florianopolis/SC"]
[Date "2019.01.24"]
[Round "5.139"]
[White "Morgado, Leandro Batista"]
[Black "Rodio, Julia Brunetto"]
[Result "1/2-1/2"]
[WhiteElo "1851"]
[BlackElo "1771"]
[PlyCount "32"]
[EventDate "2019.01.21"]
[EventRounds "10"]
[EventCountry "BRA"]

1. d4 d5 2. e3 Nf6 3. f4 e6 4. Bd3 Be7 5. Nf3 b6 6. c3 O-O 7. Qe2 c5 8. Nbd2 Bb7 9. O-O Ne4 10. Ne5 f6 11. Ng4 f5 12. Ne5 Nd7 13. Ndf3 Ndf6 14. Bd2 c4 15. Bc2 b5 16. Ng5 Ng4 1/2-1/2

[Event "V Floripa Chess Open 2019"]
[Site "Florianopolis/SC"]
[Date "2019.01.24"]
[Round "5.140"]
[White "Lunelli, Neuri Antonio"]
[Black "De Oliveira, Marlon Joshua"]
[Result "1/2-1/2"]
[WhiteElo "1767"]
[BlackElo "1800"]
[PlyCount "127"]
[EventDate "2019.01.21"]
[EventRounds "10"]
[EventCountry "BRA"]

1. c4 c5 2. g3 e5 3. Bg2 Nf6 4. Nc3 Nc6 5. e4 d6 6. h3 g6 7. Nge2 Be7 8. d3 h6 9. Be3 Qb6 10. Qd2 g5 11. f4 gxf4 12. gxf4 Rg8 13. Kf2 Nh5 14. f5 Bh4+ 15. Kf1 Nd4 16. Rg1 Bg5 17. Bh1 Nxe2 18. Nxe2 Rg7 19. Bxg5 hxg5 20. Bf3 Nf4 21. Nxf4 exf4 22. h4 f6 23. Qc3 Ke7 24. hxg5 Rxg5 25. Rxg5 fxg5 26. Qg7+ Ke8 27. Bh5+ Kd8 28. Qxg5+ Kc7 29. Qg7+ Bd7 30. b3 Qa5 31. Ke2 Kc6 32. Bf3 Re8 33. Qf6 Re5 34. Rd1 Qxa2+ 35. Rd2 Qxb3 36. Bg4 Qc3 37. Qg5 a5 38. Qxf4 a4 39. Ra2 a3 40. Qd2 Qb4 41. Qc1 b5 42. Kf3 bxc4 43. Qxc4 d5 44. Qxb4 cxb4 45. Kf4 Re8 46. Bd1 Kd6 47. Bb3 d4 48. Re2 Re5 49. Rh2 Re8 50. Rh6+ Kc5 51. e5 Ba4 52. Bxa4 a2 53. Rh1 Ra8 54. Rc1+ Kb6 55. Bb3 a1=Q 56. Rxa1 Rxa1 57. f6 Kc7 58. f7 Kd7 59. Ke4 Ke7 60. Kxd4 Rc1 61. e6 Rc3 62. Bc4 Kf8 63. Ke5 Ke7 64. Kd4 1/2-1/2

[Event "V Floripa Chess Open 2019"]
[Site "Florianopolis/SC"]
[Date "2019.01.24"]
[Round "5.142"]
[White "Silva, Marcelo Dos Santos"]
[Black "Budag, Lucas Demetrio"]
[Result "1-0"]
[WhiteElo "1977"]
[BlackElo "1741"]
[PlyCount "48"]
[EventDate "2019.01.21"]
[EventRounds "10"]
[EventCountry "BRA"]

1. c4 c6 2. d4 d5 3. Nc3 Nf6 4. Nf3 Bf5 5. cxd5 cxd5 6. Qb3 Qd7 7. Ne5 Qc8 8. e4 Be6 9. Bb5+ Nc6 10. exd5 Bxd5 11. Nxd5 e6 12. Bxc6+ bxc6 13. Nxf6+ gxf6 14. Be3 Rb8 15. Qc2 f5 16. Bf4 Bb4+ 17. Bd2 Rg8 18. O-O Qd7 19. Bf4 Rb7 20. Rac1 Rb6 21. a3 Qxd4 22. Nd3 Qd5 23. g3 Ke7 24. Rfe1 Bd6 1-0

[Event "V Floripa Chess Open 2019"]
[Site "Florianopolis/SC"]
[Date "2019.01.24"]
[Round "5.143"]
[White "Sato, Claudio Takeshi"]
[Black "Moura, Paulo Jorge Alves B"]
[Result "1-0"]
[WhiteElo "1560"]
[BlackElo "1916"]
[PlyCount "117"]
[EventDate "2019.01.21"]
[EventRounds "10"]
[EventCountry "BRA"]

1. b3 d5 2. Bb2 Nf6 3. e3 e6 4. Nf3 Bd6 5. c4 O-O 6. Nc3 dxc4 7. Bxc4 a6 8. a4 Nc6 9. O-O Re8 10. d4 b6 11. Rc1 Bb7 12. Re1 Na5 13. Be2 Bb4 14. Qc2 Rc8 15. Red1 Nd5 16. Ne4 f5 17. Ned2 Bd6 18. Ne5 Qg5 19. Ndf3 Qe7 20. h3 Nb4 21. Qb1 Nxb3 22. Rc3 Na5 23. Nc4 Be4 24. Qa1 Nac6 25. Rdc1 Nd5 26. Rb3 Ndb4 27. Nfd2 Bd5 28. Bf3 a5 29. Rbc3 Qd7 30. Nxd6 Qxd6 31. Ba3 Bxf3 32. Nxf3 Qd5 33. Qb2 Qe4 34. Qb3 Red8 35. Bxb4 Nxb4 36. Rxc7 Rxc7 37. Rxc7 Nd5 38. Rc6 h6 39. Ne5 f4 40. Rxe6 fxe3 41. fxe3 Kh7 42. Qd3 Qxd3 43. Nxd3 Rc8 44. Re5 Nc3 45. Nb2 Rc6 46. e4 Ne2+ 47. Kf2 Nxd4 48. Ke3 Nc2+ 49. Kf4 Ne1 50. g4 Rc2 51. Rb5 Rxb2 52. Rd5 Ng2+ 53. Kf3 Nh4+ 54. Kg3 Ng6 55. Rd4 Rb3+ 56. Kg2 Rb4 57. Rd6 Ne5 58. Kg3 Nc4 59. Rc6 1-0

[Event "V Floripa Chess Open 2019"]
[Site "Florianopolis/SC"]
[Date "2019.01.24"]
[Round "5.144"]
[White "Almeida, Heidy Jose Moreira "]
[Black "Albiero, Marco Antonio Batis"]
[Result "1-0"]
[WhiteElo "1886"]
[BlackElo "1565"]
[PlyCount "93"]
[EventDate "2019.01.21"]
[EventRounds "10"]
[EventCountry "BRA"]

1. e4 e5 2. Nf3 Nc6 3. Bb5 d6 4. d4 exd4 5. Nxd4 Bd7 6. Nxc6 bxc6 7. Bc4 Nf6 8. O-O Be7 9. Nc3 O-O 10. Re1 Be6 11. Bxe6 fxe6 12. e5 dxe5 13. Qe2 Bd6 14. Qc4 Qe8 15. Ne4 Nxe4 16. Rxe4 Rb8 17. a3 Qd7 18. b3 Bc5 19. Be3 Bxe3 20. Rxe3 Rf4 21. Qe2 Rd4 22. Re1 Rf8 23. f3 Rf6 24. Rxe5 Kf7 25. Re4 Rg6 26. Rxd4 Qxd4+ 27. Qe3 Qb6 28. a4 Rg5 29. Kf1 Qxe3 30. Rxe3 Rd5 31. Rc3 Rd6 32. Ke2 Ke7 33. Rc5 a6 34. Ra5 Rd5 35. Rxa6 Kd6 36. b4 Kd7 37. Ra5 Rd4 38. c3 Rh4 39. h3 Rh6 40. Rc5 Rg6 41. g4 Rh6 42. Rh5 Rxh5 43. gxh5 c5 44. b5 c6 45. b6 Kc8 46. Kd3 Kb7 47. a5 1-0

[Event "V Floripa Chess Open 2019"]
[Site "Florianopolis/SC"]
[Date "2019.01.24"]
[Round "5.145"]
[White "Japiassu, Glauco Antonio Beze"]
[Black "Barbosa, Flavio Novais"]
[Result "0-1"]
[WhiteElo "1558"]
[BlackElo "1886"]
[PlyCount "88"]
[EventDate "2019.01.21"]
[EventRounds "10"]
[EventCountry "BRA"]

1. d4 Nf6 2. Bf4 d5 3. e3 c5 4. c3 Nc6 5. Nf3 Qb6 6. Qb3 c4 7. Qc2 Bf5 8. Qc1 Nh5 9. Nbd2 Nxf4 10. exf4 Qc7 11. Ne5 e6 12. Nxc6 bxc6 13. Nf3 Bd6 14. g3 Rb8 15. Nd2 c5 16. Bg2 cxd4 17. cxd4 Qb6 18. O-O Qxb2 19. Qxb2 Rxb2 20. Nf3 h6 21. Ne5 Bxe5 22. fxe5 Kd7 23. f4 Rhb8 24. Rf2 c3 25. Rc1 Rxf2 26. Kxf2 Rb2+ 27. Ke3 Rxg2 28. Rxc3 Rxa2 29. Rb3 Rc2 30. h4 Rc7 31. Ra3 Rb7 32. Ra6 Be4 33. g4 Bc2 34. f5 Bd1 35. g5 hxg5 36. fxe6+ fxe6 37. hxg5 Bg4 38. Kd2 Ke7 39. Kc3 Kf7 40. Kd3 Kg6 41. Ke3 Kxg5 42. Ra1 Rb3+ 43. Kd2 Rb7 44. Ra6 Kf4 0-1

[Event "V Floripa Chess Open 2019"]
[Site "Florianopolis/SC"]
[Date "2019.01.24"]
[Round "5.146"]
[White "Leite, Tarcisio Dantas Fro"]
[Black "Silva, Fernando So Barros "]
[Result "0-1"]
[WhiteElo "1546"]
[BlackElo "1867"]
[PlyCount "82"]
[EventDate "2019.01.21"]
[EventRounds "10"]
[EventCountry "BRA"]

1. e4 c5 2. Nf3 Nc6 3. c3 e5 4. Be2 d5 5. d3 h6 6. h3 Nf6 7. Qc2 Be7 8. Nbd2 Be6 9. O-O O-O 10. Re1 Rc8 11. a3 a6 12. Rb1 b5 13. Qd1 dxe4 14. dxe4 c4 15. Qc2 Qc7 16. b3 cxb3 17. Nxb3 Bxb3 18. Rxb3 Na5 19. Rb1 Rfe8 20. Bb2 Bc5 21. Nd2 Red8 22. Red1 Qb6 23. Rf1 Rxd2 24. Qxd2 Nxe4 25. Qd3 Nxf2 26. Rxf2 Bxf2+ 27. Kh1 Rd8 28. Qe4 Bg3 29. Rf1 Nb3 30. Bd3 g6 31. Bc1 Nc5 32. Qg4 Rxd3 33. Bxh6 Qe6 34. Qe2 e4 35. Be3 Bd6 36. Bd4 Nd7 37. Rg1 Bc5 38. a4 Bxd4 39. cxd4 b4 40. Rc1 Nf6 41. a5 Nd5 0-1

[Event "V Floripa Chess Open 2019"]
[Site "Florianopolis/SC"]
[Date "2019.01.24"]
[Round "5.147"]
[White "Ferreira, Rodrigo Maycon Mira"]
[Black "De Sousa, Daniel Paiva"]
[Result "1-0"]
[WhiteElo "1813"]
[BlackElo "1539"]
[PlyCount "56"]
[EventDate "2019.01.21"]
[EventRounds "10"]
[EventCountry "BRA"]

1. e4 c5 2. Nf3 d6 3. d4 cxd4 4. Nxd4 Nf6 5. Nc3 a6 6. Bg5 Nbd7 7. f4 h6 8. Bh4 Nh7 9. Bc4 b5 10. Bd5 Rb8 11. Nc6 Qb6 12. Bf2 Qc7 13. Nxb8 Nxb8 14. O-O e6 15. Bb3 Bb7 16. Bd4 Nc6 17. f5 Nxd4 18. Qxd4 d5 19. Kh1 e5 20. Nxd5 Qb8 21. Qb6 Bd6 22. f6 g6 23. Ne7 Ng5 24. Rad1 Bc7 25. Qe3 Bxe4 26. Bxf7+ Kxf7 27. Rd7 Ke8 28. Rfd1 Kf8 1-0

[Event "V Floripa Chess Open 2019"]
[Site "Florianopolis/SC"]
[Date "2019.01.24"]
[Round "5.148"]
[White "Queiroz Da Costa, Alan Patrick"]
[Black "Bitencourt, Evandro Jose Dos S"]
[Result "0-1"]
[WhiteElo "1474"]
[BlackElo "1812"]
[PlyCount "56"]
[EventDate "2019.01.21"]
[EventRounds "10"]
[EventCountry "BRA"]

1. c4 c5 2. g3 Nc6 3. Nf3 e5 4. d3 g6 5. Bg2 Bg7 6. Nc3 Nge7 7. Be3 d6 8. Qc1 h6 9. Bd2 Be6 10. e4 Qd7 11. a3 Nd4 12. Nxd4 cxd4 13. Nd5 Bxd5 14. exd5 Qf5 15. Be4 Qh3 16. Qc2 O-O 17. O-O-O Rac8 18. Rdg1 b5 19. Bg2 Qd7 20. b3 f5 21. f4 e4 22. dxe4 bxc4 23. bxc4 Rxc4 24. Qxc4 Rc8 25. Qxc8+ Qxc8+ 26. Kd1 d3 27. Ke1 Qc2 28. Bf3 fxe4 0-1

[Event "V Floripa Chess Open 2019"]
[Site "Florianopolis/SC"]
[Date "2019.01.24"]
[Round "5.150"]
[White "Ribeiro, Gilnei Guedes"]
[Black "Gomes, Carlos Henrique Cal"]
[Result "0-1"]
[WhiteElo "1449"]
[BlackElo "1783"]
[PlyCount "96"]
[EventDate "2019.01.21"]
[EventRounds "10"]
[EventCountry "BRA"]

1. d4 Nf6 2. Nf3 e6 3. e3 d5 4. Bd3 c5 5. c3 Nbd7 6. Nbd2 Bd6 7. O-O O-O 8. Qe2 cxd4 9. exd4 Re8 10. Ne5 Qc7 11. f4 a6 12. Ndf3 Nf8 13. h3 N6d7 14. Nxf7 Kxf7 15. Ne5+ Kg8 16. Qg4 Nf6 17. Qf3 Bd7 18. b3 Bc6 19. Qe2 b5 20. Bb2 Ne4 21. Qg4 Bxe5 22. fxe5 Re7 23. Rf4 Rf7 24. Rxf7 Qxf7 25. Rf1 Qg6 26. Qf3 Qf5 27. Qe2 Qg5 28. Rf3 Ng6 29. Qc2 Qd2 30. Qxd2 Nxd2 31. Rg3 Ne4 32. Re3 Rf8 33. Re2 Nf4 34. Re3 Nxd3 35. Rxd3 Rf2 36. Ba3 Rxa2 37. Be7 Rf2 38. Kh2 Rf7 39. Bh4 g5 40. Be1 Rf1 41. Rd1 Nf2 42. Ra1 Bb7 43. Ra2 Rxe1 44. Rxf2 Re3 45. Rc2 h5 46. Kg1 h4 47. Kf2 Rg3 48. b4 Kg7 0-1

[Event "V Floripa Chess Open 2019"]
[Site "Florianopolis/SC"]
[Date "2019.01.24"]
[Round "5.151"]
[White "Conrado, Carlos Alberto"]
[Black "Assis, Washington Luis Lin"]
[Result "0-1"]
[WhiteElo "1421"]
[BlackElo "1775"]
[PlyCount "42"]
[EventDate "2019.01.21"]
[EventRounds "10"]
[EventCountry "BRA"]

1. d4 Nf6 2. c4 g6 3. Nc3 d5 4. cxd5 Nxd5 5. e4 Nxc3 6. bxc3 Bg7 7. Ne2 O-O 8. Ng3 c5 9. Be3 Nc6 10. e5 Qa5 11. Qd2 cxd4 12. cxd4 Qxd2+ 13. Kxd2 Rd8 14. Kc3 Nxe5 15. Be2 Nc6 16. Rad1 b6 17. Bf3 Bb7 18. Rd3 Rac8 19. Kd2 Ba6 20. d5 Bxd3 21. Kxd3 Nb4+ 0-1

[Event "V Floripa Chess Open 2019"]
[Site "Florianopolis/SC"]
[Date "2019.01.24"]
[Round "5.152"]
[White "Melo, Gabrieli De"]
[Black "Caribe Santos, Luiz Carlos"]
[Result "1-0"]
[WhiteElo "1755"]
[BlackElo "1471"]
[PlyCount "125"]
[EventDate "2019.01.21"]
[EventRounds "10"]
[EventCountry "BRA"]

1. c4 g6 2. Nc3 Bg7 3. d4 d6 4. Nf3 Nd7 5. e4 e6 6. Bd3 Ne7 7. O-O O-O 8. Be3 Nc6 9. d5 Nce5 10. Nxe5 Nxe5 11. f4 Nxd3 12. Qxd3 Bd7 13. Rad1 Re8 14. h3 exd5 15. exd5 Bf5 16. Qd2 h5 17. Rde1 Bf6 18. Bd4 Bxd4+ 19. Qxd4 a6 20. Ne4 Bxe4 21. Rxe4 Rxe4 22. Qxe4 Qe8 23. Qd3 Qd7 24. f5 Kh7 25. fxg6+ fxg6 26. Rf6 Rg8 27. Qf3 Rg7 28. g4 Qe7 29. Re6 Qf7 30. Kg2 Qxf3+ 31. Kxf3 Rf7+ 32. Kg3 hxg4 33. hxg4 g5 34. b4 b6 35. c5 dxc5 36. bxc5 bxc5 37. Rxa6 Rd7 38. Rc6 Rxd5 39. Rxc7+ Kg6 40. Rc6+ Kf7 41. a4 Ke7 42. a5 Kd7 43. Rg6 Kc7 44. Kf3 Kb7 45. a6+ Ka7 46. Rc6 Rd3+ 47. Ke4 Rd4+ 48. Kf5 Rd5+ 49. Kf6 c4 50. Rxc4 Kxa6 51. Re4 Kb7 52. Re5 Rd6+ 53. Kxg5 Kc7 54. Kf5 Rd1 55. g5 Rf1+ 56. Kg6 Kd6 57. Re3 Rf2 58. Kg7 Kd7 59. g6 Kd8 60. Kg8 Kd7 61. g7 Kd8 62. Rh3 Ke7 63. Kh8 1-0

[Event "V Floripa Chess Open 2019"]
[Site "Florianopolis/SC"]
[Date "2019.01.24"]
[Round "5.153"]
[White "Kojima, Rodrigo Yosuke"]
[Black "De Souza, Diego Pereira"]
[Result "1/2-1/2"]
[WhiteElo "1412"]
[BlackElo "1723"]
[PlyCount "37"]
[EventDate "2019.01.21"]
[EventRounds "10"]
[EventCountry "BRA"]

1. d4 d5 2. Nf3 Nc6 3. Bf4 Bg4 4. Nbd2 e6 5. h3 Bf5 6. c3 Bd6 7. Ne5 Nxe5 8. dxe5 Bc5 9. e3 Ne7 10. Nf3 O-O 11. Bd3 Ng6 12. Bg3 c6 13. Bxf5 exf5 14. Nd4 Qb6 15. Qd2 Bxd4 16. exd4 f4 17. Bxf4 Nxf4 18. Qxf4 Qxb2 19. Qc1 1/2-1/2

[Event "V Floripa Chess Open 2019"]
[Site "Florianopolis/SC"]
[Date "2019.01.24"]
[Round "5.154"]
[White "Araujo, Karla Priscilla Car"]
[Black "Brandt, Ladir Albano Becker"]
[Result "1/2-1/2"]
[WhiteElo "1380"]
[BlackElo "1710"]
[PlyCount "58"]
[EventDate "2019.01.21"]
[EventRounds "10"]
[EventCountry "BRA"]

1. e4 d6 2. d4 Nf6 3. Nc3 e5 4. Nf3 exd4 5. Nxd4 Nc6 6. g3 Nxd4 7. Qxd4 Be7 8. Bg2 c6 9. O-O O-O 10. Bf4 Nh5 11. Be3 Nf6 12. Rad1 Be6 13. b3 Ne8 14. Qd2 Qa5 15. a4 Bf6 16. Ne2 Qc7 17. Nf4 Rd8 18. Nh5 Be7 19. h3 d5 20. Qc3 Nf6 21. Nxf6+ Bxf6 22. Bd4 Bxd4 23. Qxd4 c5 24. Qd2 dxe4 25. Qe3 Rfe8 26. Rxd8 Rxd8 27. Qxe4 Bd5 28. Qe3 Bxg2 29. Kxg2 Qc6+ 1/2-1/2

[Event "V Floripa Chess Open 2019"]
[Site "Florianopolis/SC"]
[Date "2019.01.24"]
[Round "5.155"]
[White "Soares, Gustavo Henrique"]
[Black "Henriquetta, Rafael Stolf"]
[Result "1-0"]
[WhiteElo "1698"]
[BlackElo "1450"]
[PlyCount "38"]
[EventDate "2019.01.21"]
[EventRounds "10"]
[EventCountry "BRA"]

1. d4 Nf6 2. Bg5 Ne4 3. Bf4 d5 4. e3 g6 5. Bd3 Nf6 6. Nf3 Bg7 7. Nbd2 O-O 8. O-O b6 9. c4 e6 10. Qc2 c6 11. c5 b5 12. b4 Bb7 13. Nb3 Nbd7 14. Na5 Qc8 15. Rfc1 a6 16. a4 bxa4 17. Qxa4 Re8 18. Nxb7 Qxb7 19. Bxa6 Qa7 1-0

[Event "V Floripa Chess Open 2019"]
[Site "Florianopolis/SC"]
[Date "2019.01.24"]
[Round "5.156"]
[White "Benevenga, Antonio"]
[Black "Dutra, Liliam Guedes"]
[Result "1/2-1/2"]
[WhiteElo "1692"]
[BlackElo "1443"]
[PlyCount "136"]
[EventDate "2019.01.21"]
[EventRounds "10"]
[EventCountry "BRA"]

1. b3 e5 2. Bb2 Nc6 3. e3 Nf6 4. Bb5 Bd6 5. Na3 Qe7 6. Nc4 Bc5 7. Bxc6 dxc6 8. Nxe5 O-O 9. Ngf3 Rd8 10. O-O Bf5 11. d3 Bd6 12. Qe2 Bg4 13. Nxg4 Nxg4 14. h3 Ne5 15. Nd2 Ng6 16. Qh5 Re8 17. Rae1 Be5 18. d4 Bf6 19. e4 Rad8 20. Nf3 Nf4 21. Qg4 Ne6 22. c3 Ng5 23. e5 Nxf3+ 24. Qxf3 Bg5 25. Qh5 g6 26. Qg4 b6 27. f4 Bh6 28. f5 Bg5 29. fxg6 hxg6 30. Rf3 f5 31. Qg3 Kg7 32. Qf2 c5 33. g3 cxd4 34. cxd4 Qe6 35. h4 Bh6 36. h5 Rf8 37. hxg6 Kxg6 38. Rf1 Rf7 39. g4 f4 40. Qg2 Kh7 41. Kh2 Rg7 42. Rg1 Kg8 43. Rd3 c6 44. Qf3 Bg5 45. Rg2 Rh7+ 46. Kg1 Qh6 47. Rc2 Qh4 48. Rd1 c5 49. d5 Qh3 50. Qxh3 Rxh3 51. e6 f3 52. Bc1 Bh4 53. Be3 Rg3+ 54. Kf1 Rxg4 55. Rc4 Rxc4 56. bxc4 Kg7 57. Bf2 Be7 58. Bg3 Bd6 59. Bxd6 Rxd6 60. e7 Kf7 61. Re1 Ke8 62. Kf2 Rf6 63. Re3 Rh6 64. Kxf3 Rh3+ 65. Kf4 Rxe3 66. Kxe3 Kxe7 67. a4 a6 68. Ke4 Kd6 1/2-1/2

[Event "V Floripa Chess Open 2019"]
[Site "Florianopolis/SC"]
[Date "2019.01.24"]
[Round "5.157"]
[White "Da Silva, Esequiel Luis Melo"]
[Black "Aguiar, Arthur Vinicius De "]
[Result "0-1"]
[WhiteElo "1680"]
[BlackElo "1377"]
[PlyCount "158"]
[EventDate "2019.01.21"]
[EventRounds "10"]
[EventCountry "BRA"]

1. d4 Nf6 2. Nf3 g6 3. b3 Bg7 4. g3 O-O 5. Bg2 c5 6. Bb2 d5 7. O-O cxd4 8. Nxd4 Nc6 9. Qc1 Qb6 10. Nxc6 bxc6 11. c4 Ba6 12. Nd2 Rab8 13. Be5 Rbc8 14. Bh3 Rcd8 15. Re1 Bc8 16. Bg2 Ng4 17. c5 Qb7 18. Bxg7 Kxg7 19. Qc3+ Nf6 20. Nf3 Qc7 21. Qd4 Rfe8 22. Ne5 a5 23. e3 Bf5 24. g4 Nxg4 25. Nxg4+ e5 26. Qa4 h5 27. Nxe5 Rxe5 28. Rad1 Rde8 29. Rd4 Be4 30. f3 Bf5 31. e4 dxe4 32. Rd6 Rxc5 33. Qd4+ Rce5 34. fxe4 Kh7 35. Rd1 Bg4 36. Rd3 Rb5 37. h3 Be6 38. Qa4 Re7 39. Qd4 Qb6 40. Qxb6 Rxb6 41. Rc3 Rc7 42. Kf2 Kg7 43. Ke3 Kf8 44. Rd8+ Ke7 45. Ra8 Rb5 46. Bf1 Rg5 47. Kf4 f6 48. Rh8 Bc8 49. Rh7+ Kd8 50. Rh8+ Ke7 51. Rd3 Be6 52. Rdd8 Rd7 53. Rde8+ Kd6 54. Ra8 Re5 55. h4 g5+ 56. hxg5 fxg5+ 57. Kf3 Bg4+ 58. Ke3 Rde7 59. Rh6+ R7e6 60. Rxe6+ Rxe6 61. Rxa5 Rf6 62. Bd3 Rf3+ 63. Kd4 c5+ 64. Kc4 h4 65. Rxc5 Be6+ 66. Kb4 Rxd3 67. Rxg5 Rd4+ 68. Kc3 Rxe4 69. Rh5 h3 70. Rh6 Re2 71. Rh8 Rxa2 72. b4 h2 73. Kd4 Bd5 74. Rh6+ Be6 75. Rh8 Rd2+ 76. Kc3 Rg2 77. Kd4 Rg4+ 78. Kc3 Rg3+ 79. Kd4 Rh3 0-1

[Event "V Floripa Chess Open 2019"]
[Site "Florianopolis/SC"]
[Date "2019.01.24"]
[Round "5.158"]
[White "Da Rosa, Henrique Jaze Simoe"]
[Black "Brandao, Murilo Tavares"]
[Result "0-1"]
[WhiteElo "1675"]
[BlackElo "1341"]
[PlyCount "28"]
[EventDate "2019.01.21"]
[EventRounds "10"]
[EventCountry "BRA"]

1. Nf3 Nf6 2. c4 g6 3. g3 Bg7 4. Bg2 O-O 5. O-O c5 6. d4 cxd4 7. Nxd4 Nc6 8. Nc3 Nxd4 9. Qxd4 d6 10. Rd1 a6 11. e4 Qa5 12. Qd3 Qh5 13. f4 Ng4 14. h3 Qc5+ 0-1

[Event "V Floripa Chess Open 2019"]
[Site "Florianopolis/SC"]
[Date "2019.01.24"]
[Round "5.159"]
[White "Oliveira, Debora Goncalves"]
[Black "Da Silva Junior, Marco Aurelio"]
[Result "0-1"]
[WhiteElo "1332"]
[BlackElo "1672"]
[PlyCount "122"]
[EventDate "2019.01.21"]
[EventRounds "10"]
[EventCountry "BRA"]

1. d4 d5 2. c4 e6 3. Nc3 Nf6 4. Bg5 Nbd7 5. Nf3 c6 6. e3 Bd6 7. Bd3 dxc4 8. Bxc4 b5 9. Bd3 a6 10. O-O Qc7 11. e4 e5 12. dxe5 Bxe5 13. Nxe5 Qxe5 14. Be3 O-O 15. f4 Qe7 16. e5 Nc5 17. Bxc5 Qxc5+ 18. Kh1 Ng4 19. Qf3 Rd8 20. Rad1 Be6 21. f5 Nxe5 22. Qh3 Nxd3 23. Rxd3 Rxd3 24. Qxd3 Bc4 25. Qf3 Bxf1 26. Qxf1 Re8 27. h3 h6 28. Kh2 Qe5+ 29. g3 b4 30. Na4 Qb5 31. Qxb5 axb5 32. Nc5 Re2+ 33. Kg1 Rxb2 34. Nd3 Rxa2 35. Nxb4 Ra1+ 36. Kf2 c5 37. Nd3 c4 38. Nb4 Rb1 39. Nd5 b4 40. Ke2 c3 41. Ne3 b3 42. Kd3 c2 43. Nxc2 bxc2 44. Kxc2 Rg1 45. g4 Rh1 46. Kd3 Rxh3+ 47. Ke4 Kf8 48. Kf4 Ke7 49. g5 Rh4+ 50. Kg3 hxg5 51. f6+ Kxf6 52. Kf3 Kf5 53. Kg3 Ke4 54. Kg2 f5 55. Kg3 f4+ 56. Kf2 Rh2+ 57. Kg1 Ra2 58. Kf1 Ke3 59. Kg1 Kf3 60. Kh1 Kg3 61. Kg1 Ra1# 0-1

[Event "V Floripa Chess Open 2019"]
[Site "Florianopolis/SC"]
[Date "2019.01.24"]
[Round "5.160"]
[White "Tasoko, Toshinobu"]
[Black "Blau, Vitoria Caroline"]
[Result "1/2-1/2"]
[WhiteElo "1668"]
[BlackElo "1339"]
[PlyCount "80"]
[EventDate "2019.01.21"]
[EventRounds "10"]
[EventCountry "BRA"]

1. e4 c5 2. Nf3 d6 3. d4 cxd4 4. Nxd4 Nf6 5. Nc3 a6 6. f3 e6 7. Be3 Be7 8. Qd2 O-O 9. g4 Nc6 10. O-O-O Nxd4 11. Bxd4 b5 12. h4 Bb7 13. h5 Rc8 14. Bd3 Nd7 15. Kb1 Ne5 16. Bxe5 dxe5 17. Qg2 b4 18. Ne2 Qc7 19. g5 Rfd8 20. Nc1 a5 21. Rh2 a4 22. g6 fxg6 23. hxg6 h6 24. Rh5 a3 25. Qh2 axb2 26. Nb3 Ba6 27. Qe2 Bxd3 28. Rxd3 Rxd3 29. Qxd3 Rd8 30. Qe2 Qc3 31. Rh1 Rf8 32. Rf1 Bg5 33. Qa6 Rf6 34. Qa8+ Rf8 35. Qa6 Re8 36. Qd3 Rf8 37. Qd7 Qc4 38. Qd3 Qc3 39. Qd7 Qc4 40. Qd3 Qc3 1/2-1/2

[Event "V Floripa Chess Open 2019"]
[Site "Florianopolis/SC"]
[Date "2019.01.24"]
[Round "5.161"]
[White "Lopes, Leonardo Borges"]
[Black "Szuba, Joao Gabriel Muniz"]
[Result "0-1"]
[WhiteElo "1327"]
[BlackElo "1659"]
[PlyCount "114"]
[EventDate "2019.01.21"]
[EventRounds "10"]
[EventCountry "BRA"]

1. c4 e5 2. Nc3 Nf6 3. g3 d5 4. cxd5 Nxd5 5. Bg2 Nb6 6. Nf3 Nc6 7. O-O Be7 8. d3 O-O 9. a3 Re8 10. Qc2 Bf8 11. Nd2 Nd4 12. Qb1 c6 13. b4 Nd5 14. Nde4 f5 15. e3 fxe4 16. exd4 Nxc3 17. Qb3+ Kh8 18. Qxc3 exd4 19. Qd2 e3 20. fxe3 dxe3 21. Qe2 Be7 22. Be4 Bf6 23. Bb2 Bxb2 24. Qxb2 Bg4 25. Rf7 Qg5 26. Re1 e2 27. Qd4 Rf8 28. h4 Qh6 29. Qf2 Kg8 30. Rxf8+ Rxf8 31. Qd4 Qd2 32. Qc4+ Kh8 33. Qc1 Qd1 34. Kg2 Rf1 35. Qg5 Kg8 36. Qxg4 Qxe1 37. Qe6+ Rf7 38. Qe8+ Rf8 39. Bxh7+ Kxh7 40. Qxf8 Qxg3+ 41. Kxg3 e1=Q+ 42. Qf2 Qxf2+ 43. Kxf2 Kg6 44. Kf3 Kf5 45. Ke3 Kg4 46. Ke4 Kxh4 47. Ke5 g5 48. Kd6 g4 49. Kc7 g3 50. Kxb7 g2 51. Kxc6 g1=Q 52. Kb5 Qd4 53. a4 Qxd3+ 54. Ka5 Qd6 55. Kb5 Qb6+ 56. Kc4 Qa6+ 57. Kb3 Qd3+ 0-1